Novel Carbon Materials and Composites: (Record no. 591697)

000 -LEADER
fixed length control field 00482nam a22001457a 4500
020 ## - INTERNATIONAL STANDARD BOOK NUMBER
International Standard Book Number 9781119313397
040 ## - CATALOGING SOURCE
Transcribing agency NUST
082 ## - DEWEY DECIMAL CLASSIFICATION NUMBER
Classification number 620.193 JIA
100 ## - MAIN ENTRY--PERSONAL NAME
Personal name Jiang, Xin
9 (RLIN) 99944
110 ## - MAIN ENTRY--CORPORATE NAME
Corporate name or jurisdiction name as entry element Kang, Zhenhui. Guo, Xiaoning. Zhuang, Hao
9 (RLIN) 99945
245 ## - TITLE STATEMENT
Title Novel Carbon Materials and Composites:
Remainder of title Synthesis, Properties and Applications
260 ## - PUBLICATION, DISTRIBUTION, ETC.
Place of publication, distribution, etc. USA:
Name of publisher, distributor, etc. John Wiley & Sons,
Date of publication, distribution, etc. 2019.
650 ## - SUBJECT ADDED ENTRY--TOPICAL TERM
Topical term or geographic name entry element Carbon Composites.Novel Carbon Materials.NUSTTB2022
9 (RLIN) 102830
942 ## - ADDED ENTRY ELEMENTS (KOHA)
Source of classification or shelving scheme
Koha item type Book
Holdings
Withdrawn status Lost status Source of classification or shelving scheme Damaged status Not for loan Permanent Location Current Location Shelving location Date acquired Total Checkouts Full call number Barcode Date last seen Price effective from Koha item type
          College of Electrical & Mechanical Engineering (CEME) College of Electrical & Mechanical Engineering (CEME) General Stacks 10/11/2022   620.193 JIA CEME-50840 10/11/2022 10/11/2022 Book
          College of Electrical & Mechanical Engineering (CEME) College of Electrical & Mechanical Engineering (CEME) General Stacks 10/11/2022   280 SCB CEME-50840-A 10/11/2022 10/11/2022 Book
© 2023 Central Library, National University of Sciences and Technology. All Rights Reserved.